Dublin: urban development policy. Implications of recent rapid economic development. (Record no. 104964)
[ view plain ]
| 000 -LEADER | |
|---|---|
| fixed length control field | 02192cam a2200169 4500 |
| 001 - CONTROL NUMBER | |
| control field | ##L132013 |
| 008 - FIXED-LENGTH DATA ELEMENTS--GENERAL INFORMATION | |
| fixed length control field | 051221n2001 000 0 eng u |
| 035 ## - SYSTEM CONTROL NUMBER | |
| System control number | (Sirsi) u132013 |
| 041 0# - LANGUAGE CODE | |
| Language code of text/sound track or separate title | eng |
| 100 1# - MAIN ENTRY--PERSONAL NAME | |
| Personal name | Williams, Brendan |
| 245 00 - TITLE STATEMENT | |
| Title | Dublin: urban development policy. Implications of recent rapid economic development. |
| 260 ## - PUBLICATION, DISTRIBUTION, ETC. | |
| Place of publication, distribution, etc. | London |
| Name of publisher, distributor, etc. | RICS |
| Date of publication, distribution, etc. | 2001 |
| 520 ## - SUMMARY, ETC. | |
| Summary, etc. | The rapid economic growth in Ireland experienced in recent years has placed particular pressured on the urban development markets of the Dublin urban region. Peripheral expansion in a dispersed manner has occurred in the absence of an effective regional settlement strategy. The recent surge of development activity has involved the creation of an economic rim of employment concentrated to the edge of the existing city area. Commuting patterns of up to 100km have be came established due to the shortage of affordable housing in the core city area. Recent policy responses have included strengthening the Regional strategic development plan and consideration of new urban governance structures to reflect the expanded city region. An attempt to link transportation and development policies in a strategic manner has become a policy imperative in the light of policy commitments to sustainable development or urban environmental quality issues. The long term implications of the current patterns on urban planning transportation and land market processes will be explored in the light of national and international policy experience with alternative approaches to regional spatial growth problems considered. In particular the paper will focus on the impact of demand surges on property markets and the role of infrastructural and planning decisions in the development land market. The emerging urban form in Dublin is being shaped by development market realities and the role of policies on the location and shape of urban expansion require on understanding of the urban spatial context. It is expected that the examination of such trends and policy responses will be of research interest for comparable urban region. |
| 520 ## - SUMMARY, ETC. | |
| Summary, etc. | This item is no longer available. |
| 690 ## - LOCAL SUBJECT ADDED ENTRY--TOPICAL TERM (OCLC, RLIN) | |
| Topical term or geographic name as entry element | BUILT ENVIRONMENT |
| 942 ## - ADDED ENTRY ELEMENTS (KOHA) | |
| Suppress in OPAC | 0 |
| Withdrawn status | Lost status | Source of classification or shelving scheme | Damaged status | Not for loan | Home library | Current library | Shelving location | Date acquired | Total Checkouts | Full call number | Barcode | Date last seen | Copy number | Price effective from | Koha item type |
|---|---|---|---|---|---|---|---|---|---|---|---|---|---|---|---|
| Dewey Decimal Classification | Virtual | Virtual | Online | 21/12/2005 | ONLINE PUBLICATION | 132013-1001 | 06/08/2019 | 1 | 06/08/2019 | Book |